000 01227nam a2200301 a 4500
001 000047204
005 20201002053438.0
008 180417s2017 dr abc 000 0 spa d
020 _a9789945195378 (v.1)
020 _a9789945194890 (v. 2)
040 _aDO-SdBNP
_bspa
_cBNPHU
082 _axx
_bxx
100 1 _aCapellán, Fanny
_929250
245 1 0 _aCiencias sociales 4 :
_beducación primaria /
_ctexto Fanny Capellán, Eris Castro ; ilustración Ruddy Núñez... [et.al]; dirección editorial Claudia Llibre.
250 _a2a. ed.
260 _aSanto Domingo :
_bSantillana,
_c2017.
300 _av. :
_bil. ;
_c29 cm.+
_eCD-ROM
490 1 _aProyecto todos juntos
500 _aActualización según el nuevo diseño curricular oficial
505 0 _av.1 :
_tLibro de texto
_gv. 2 :
_tGuía de recursos didácticos : segundo ciclo educación primaria
_gv. :
_tCuaderno de fichas de actividades educación primaria
590 _aInventariado, 2018/VM
700 1 _aCastro, Eric
_964737
700 1 _aNúñez, Ruddy
_eils.
_923171
700 1 _aLlibre, Claudia
_edir.
_930462
710 2 _aEditorial Santillana (República Dominicana)
_974902
830 0 0 _aProyecto todos juntos
_930856
202 _a9789945192827 (v. 3)
999 _c46692
_d46692